Score 0/16 Timer 02:00
0 Plays Today
Question Answer Wrong Answers
Brunette French
95.5%
Spanish
2.2%
Puree French
94.4%
Spanish
3.4%
Malaise French
94.4%
Spanish
2.2%
Premiere French
94.4%
Spanish
2.8%
Bronco Spanish
92.7%
French
5.6%
Sabotage French
91%
Spanish
6.2%
Avocado Spanish
91%
French
6.2%
Puma Spanish
90.4%
French
7.3%
Cadet French
90.4%
Spanish
6.7%
Sierra Spanish
88.2%
French
10.7%
Hotel French
84.3%
Spanish
14%
Patio Spanish
78.1%
French
18.5%
Utensil French
77.5%
Spanish
20.8%
Embargo Spanish
77%
French
21.3%
Hurricane Spanish
64.6%
French
34.3%
Stampede Spanish
61.2%
French
36%
Remove Ads.
Support Sporcle.
Get the best of Sporcle when you Go Orange. This ad-free experience offers more features, more stats, and more fun while also helping to support Sporcle. Thank you for becoming a member.

You're not logged in!

Compare scores with friends on all Sporcle quizzes.
OR
Log In

Sporcle TV

Today on Sporcle TV


Watch our educational content, quiz creation guides, and fun videos on Sporcle TV.

Show Comments

Extras

Top Quizzes Today


Score Distribution

Paid Content

Your Account Isn't Verified!

In order to create a playlist on Sporcle, you need to verify the email address you used during registration. Go to your Sporcle Settings to finish the process.

Report this User

Report this user for behavior that violates our Community Guidelines.

Details: